Atlas historique (Record no. 5661)

MARC details
000 -LEADER
campo de control de longitud fija 00686nam a2200193 i 4500
001 - NÚMERO DE CONTROL
campo de control 5661
003 - IDENTIFICADOR DE NÚMERO DE CONTROL
campo de control ES-MaACL
005 - FECHA Y HORA DE LA ÚLTIMA TRANSACCIÓN
campo de control 20230906144644.0
007 - CAMPO FIJO DE DESCRIPCIÓN FÍSICA--INFORMACIÓN GENERAL
campo de control de longitud fija t|
008 - DATOS DE LONGITUD FIJA--INFORMACIÓN GENERAL
campo de control de longitud fija 890418s1987 fr ||||1| fre d
020 ## - NÚMERO INTERNACIONAL ESTÁNDAR DEL LIBRO
Número Internacional Estándar del Libro 2-01-011027-7
080 ## - NÚMERO DE LA CLASIFICACIÓN DECIMAL UNIVERSAL
Número de la Clasificación Decimal Universal 902.4(100)
245 00 - MENCIÓN DEL TÍTULO
Título Atlas historique
Resto del título : histoire de l'humanite : de la prehistoire a nos jours /
Mención de responsabilidad, etc. textes sous la direction de Pierre Vidal-Naquet ; cartographie sous la direction de Jacques Bertin.
260 ## - PUBLICACIÓN, DISTRIBUCIÓN, ETC.
Lugar de publicación, distribución, etc. Paris :
Nombre del editor, distribuidor, etc. Hachette,
Fecha de publicación, distribución, etc. 1987.
650 #4 - PUNTO DE ACCESO ADICIONAL DE MATERIA--TÉRMINO DE MATERIA
Término de materia o nombre geográfico como elemento de entrada Historia universal-
Subdivisión general Atlas.
9 (RLIN) 13430
700 1# - ENTRADA AGREGADA--NOMBRE PERSONAL
Nombre de persona Vidal-Naquet, Pierre.
9 (RLIN) 114505
700 1# - ENTRADA AGREGADA--NOMBRE PERSONAL
Nombre de persona Bertin, Jacques,
Término indicativo de función/relación
9 (RLIN) 28465
852 ## - LOCALIZACIÓN
Ubicación ES-MaACL
Número de control de estantería L-12590
Sublocalización o colección R.115971
Nota libre . - cart.
Holdings
Estatus retirado Estado de pérdida Estado de daño No para préstamo Biblioteca de origen Biblioteca actual Ubicación en estantería Fecha de adquisición Fuente de adquisición Total de préstamos Signatura topográfica completa Código de barras Visto por última vez Precio de reemplazo Tipo de ítem Koha
        Biblioteca del Ateneo de Madrid Biblioteca del Ateneo de Madrid Depósito 2 17/01/2008     L-12590 1005741 23/02/2023 23/02/2023 Libro impreso